Data comunications in GSM system = Prenos dát v GSM systéme : Dilp.práca
Gespeichert in:
| 1. Verfasser: | |
|---|---|
| Weitere Verfasser: | |
| Format: | Manuskript Buch |
| Sprache: | Englisch |
| Veröffentlicht: |
Bratislava :
STU v Bratislave FEI,
1999
|
| Schlagworte: | |
| Tags: |
Keine Tags, Fügen Sie das erste Tag hinzu!
|
MARC
| LEADER | 00000ntm a22000003a 4500 | ||
|---|---|---|---|
| 001 | stu50344 | ||
| 005 | 20160719164901.9 | ||
| 008 | 990720s1999------------------------eng-d | ||
| 040 | |a STU |b slo | ||
| 041 | 0 | |a eng | |
| 100 | 1 | |a Alamdui, Abdulhai A. |4 aut | |
| 245 | 1 | |a Data comunications in GSM system = Prenos dát v GSM systéme : |b Dilp.práca | |
| 260 | |a Bratislava : |b STU v Bratislave FEI, |c 1999 | ||
| 300 | |a 40 s | ||
| 650 | 7 | |a informatika |2 stusub | |
| 650 | 7 | |a Telekomunikácie |2 stusub | |
| 700 | 1 | |a Poľaško, Michal, |d 1970- |4 ths |u E240 |U FEI Fakulta elektrotechniky a informatiky |T FEI Katedra telekomunikácií |X 3584 |U E240 |Y 72 |7 A000003584 | |